01059nac a22002891i 4500003000900000005001700009008004100026020001500067040004300082082001900125100004400144245003100188264005400219264001000273300006000283336002600343337002800369338002700397490004900424504005200473650003200525650002200557655001700579942001200596999001500608952014600623EG-ScBUE20260426090553.0260426t1987 nyua f b 001 0 eng d a0716750198 aEG-ScBUEbengerdacEG-ScBUEdEG-ScBUE04a547.1bATK2221 aAtkins, P. W., eauthor.10aMolecules /cP. W. Atkins. 1aNew York : bScientific American Library,c[1987] 4cc1987 aviii, 197 pages :billustrations (some color) ;c25 cm. 2rdacontentatextbtxt aunmediated2rdamediabn avolumebnc2rdacarrier0 aScientific American Library series ;vno. 21 aIncludes bibliographical references and index.  7aMolecular structure.2BUEsh 7aMolecules.2BUEsh vReading book cBB2ddc c6476d6476 00102ddc40708AlahramaMAINbMAINc1STd2007-11-25ePurchasel1m16o547.1 ATKp000007983r2025-07-15 00:00:00s2017-03-30w2007-11-25yBB